| 000 | 00906nam a22002417a 4500 | ||
|---|---|---|---|
| 008 | 081120t xxu||||| |||| 00| 0 eng d | ||
| 010 | _aENG-91688 | ||
| 020 |
_a9788184550689 _c750.00 |
||
| 035 | _aEN-75221 | ||
| 037 | _bDBAD / PUB | ||
| 040 |
_adpl _bEnglish |
||
| 082 | _a954.09 | ||
| 245 |
_aHistory of modern India / _cedited by Braham Singh [and] H.C. Sharma |
||
| 260 |
_aNew Delhi _bOmega Publications _c2008 |
||
| 270 |
_a4398/5, Ansari Road, Daryaganj, _bNew Delhi _e110002 |
||
| 300 |
_av, 316p. _c22cm (Hb) |
||
| 500 | _aIncludes index | ||
| 651 |
_aIndia _xHistory _y18th century to 1947 A.D. |
||
| 700 | _aBraham Singh | ||
| 700 | _aSharma, H.C. | ||
| 942 |
_2ddc _cEN _mHIS _h954.09 |
||
| 999 |
_c18810 _d18810 |
||